000 02891nam0a22003611 4500
001 rc\833995
005 20250622010925.0
035 _a(NLR Aleph) 006015859
090 _a7376740
_c7376740
100 _a20041129d1984 |||y0rusy50 ca
101 0 _arus
102 _aRU
105 _aa |||||||||
200 1 _aНовеллы
_fИхара Сайкаку
_gПер. с яп., [сост. и коммент.] Т. Редько-Добровольской
_g[Ил. Есиды Хамбэя, Макиэси Гэндзабуро]
210 _aМ.
_cХудож. лит.
_d1984
215 _a431 с.
_cил.
_d17
327 0 _aРазделы: Двадцать непочтительных детей Японии; Дорожная тушечница; Записки о передаче воинских искусств; Повести о самурайском долге; Новые записки о том, что смеха достойно; Превратности любви; Сопоставление дел под сенью сакуры в нашей стране; Заветные мысли о том, как лучше прожить на свете; Последний узор, вытканный Сайкаку; Ворох старых писем
464 0 _12001#$aДвадцать непочтительных детей Японии
_tДвадцать непочтительных детей Японии
464 0 _12001#$aДорожная тушечница
_tДорожная тушечница
464 0 _12001#$aЗаписки о передаче воинских искусств
_tЗаписки о передаче воинских искусств
464 0 _12001#$aПовести о самурайском долге
_tПовести о самурайском долге
464 0 _12001#$aНовые записки о том, что смеха достойно
_tНовые записки о том, что смеха достойно
464 0 _12001#$aПревратности любви
_tПревратности любви
464 0 _12001#$aСопоставление дел под сенью сакуры в нашей стране
_tСопоставление дел под сенью сакуры в нашей стране
464 0 _12001#$aЗаветные мысли о том, как лучше прожить на свете
_tЗаветные мысли о том, как лучше прожить на свете
464 0 _12001#$aПоследний узор, вытканный Сайкаку
_tПоследний узор, вытканный Сайкаку
464 0 _12001#$aВорох старых писем
_tВорох старых писем
700 1 _aИхара
_bС.
_f1642-1693
_gСайкаку
801 0 _aRU
_bNLR
_gpsbo
801 1 _aRU
_bELAR
_2rusmarc
852 _aNLR
_j85-2/1444
942 _cBOOK
980 _aNB